| Поле | Инд. | ПП | Название | Значение |
|---|---|---|---|---|
| Тип записи | a | |||
| Библиографический уровень | b | |||
| 001 | Контрольный номер | 2319a41e7cd349d7b724ef3b47f5c405 | ||
| 005 | Дата корректировки | 20210903100929.1 | ||
| 040 | a | Служба первич. каталог. | РИНЦ | |
| 041 | 0_ | a | Код языка текста | eng |
| 084 | a | Индекс другой классификации/Индекс ББК | 32.85 | |
| 097 | a | Чагина С.Г. | ||
| 097 | a | Спаскова Н.О. | ||
| 100 | 1_ | a | Автор | Y. N. V. M. |
| 100 | 1_ | a | Автор | Kouznetsov O. L. |
| g | Прочие сведения | РИНЦ AuthorID: 72550 (http://elibrary.ru/author_items.asp?authorid=72550), Scopus Author ID: 7103291151 (https://www.scopus.com/authid/detail.uri?authorId=7103291151) | ||
| q | Полное имя | Кузнецов Олег Леонидович | ||
| u | Дополнение | Кузнецов О. Л. | ||
| c | Титул (звания) | профессор; доктор технических наук | ||
| i | 000091201 | |||
| k | Ректорат | |||
| 100 | 1_ | a | Автор | Ramm N. S. |
| 100 | 1_ | a | Автор | Rynskaya A. K. |
| 100 | 1_ | a | Автор | Selivanov A. S. |
| 245 | 10 | a | Заглавие | The aimed satellite scanner imagery. Results and progress |
| 550 | a | Прим. об изд. организации | Ректорат | |
| 650 | 04 | a | Основная рубрика | радиоэлектроника; электроника |
| 773 | 18 | t | Название источника | Acta astronautica |
| b | Сведения об издании | PERGAMON-ELSEVIER SCIENCE LTD | ||
| c | ENGLAND | |||
| d | Место и дата издания | 1991 | ||
| m | Специф. данные | входит в Scopus;входит в WoS;входит в ядро РИНЦ;зарубежный журнал;ненулевой импакт-фактор | ||
| p | Acta Astronaut. | |||
| o | Прочие индексы | wos 1.536, scopus 2.08, ринц - | ||
| x | ISSN | 0094-5765 | ||
| g | Прочая информация | V. 25. - № 7. - P. 395 - 398 | ||
| w | Контрольный № источника | ea5e16637f78411aac3f7c114cc5f5e9 | ||
| 856 | 40 | u | URL | http://elibrary.ru/item.asp?id=12720268 |
| 901 | t | Тип документа | b | |
| 952 | c | Вид литературы | статья в журнале |